[Event "European Youth Chess Championship B18"]
[Site "Prague, Top Hotel Prague"]
[Date "2012.08.21"]
[Round "5.10"]
[White "Berchtenbreiter, Maximilian"]
[Black "Sadzikowski, Daniel"]
[Result "0-1"]
[WhiteElo "2326"]
[BlackElo "2444"]
[PlyCount "0"]
[EventDate "2012.08.17"]

1. e4 {[%clk 1:30:57]} c5 {[%clk 1:30:55]} 2. Nf3 {[%clk 1:31:21]} d6
{[%clk 1:31:23]} 3. d4 {[%clk 1:31:41]} cxd4 {[%clk 1:31:49]} 4. Nxd4
{[%clk 1:32:07]} Nf6 {[%clk 1:32:14]} 5. Nc3 {[%clk 1:32:34]} a6 {[%clk 1:32:40]}
6. Be3 {[%clk 1:32:45]} e5 {[%clk 1:33:05]} 7. Nb3 {[%clk 1:33:11]} Be7
{[%clk 1:33:32]} 8. Qd2 {[%clk 1:33:34]} O-O {[%clk 1:33:48]} 9. O-O-O
{[%clk 1:25:08]} a5 {[%clk 1:34:16]} 10. a4 {[%clk 1:24:40]} Nc6 {[%clk 1:28:36]}
11. f4 {[%clk 1:24:54]} Bd7 {[%clk 1:17:44]} 12. Bb5 {[%clk 1:21:39]} Rc8
{[%clk 1:12:21]} 13. Kb1 {[%clk 1:21:20]} Qc7 {[%clk 0:54:34]} 14. h3
{[%clk 1:00:12]} Be6 {[%clk 0:48:01]} 15. f5 {[%clk 0:59:56]} Bd7
{[%clk 0:43:10]} 16. Qf2 {[%clk 0:58:16]} Bd8 {[%clk 0:34:35]} 17. Rd2
{[%clk 0:56:54]} Nb4 {[%clk 0:34:13]} 18. Qf3 {[%clk 0:47:33]} Bc6
{[%clk 0:30:46]} 19. Na1 {[%clk 0:45:42]} Be7 {[%clk 0:27:41]} 20. g4
{[%clk 0:40:43]} Nxe4 {[%clk 0:18:32]} 21. Nxe4 {[%clk 0:39:26]} d5
{[%clk 0:19:00]} 22. Ng3 {[%clk 0:33:51]} d4 {[%clk 0:17:59]} 23. Bxc6
{[%clk 0:33:09]} dxe3 {[%clk 0:18:05]} 24. Qxe3 {[%clk 0:26:20]} Qxc6
{[%clk 0:16:19]} 25. c3 {[%clk 0:26:07]} Bh4 {[%clk 0:15:52]} 26. Ne4
{[%clk 0:25:53]} Bg5 {[%clk 0:15:40]} 27. Qf3 {[%clk 0:24:20]} Bxd2
{[%clk 0:15:47]} 28. cxb4 {[%clk 0:24:41]} Bxb4 {[%clk 0:14:51]} 29. f6
{[%clk 0:24:50]} Rfd8 {[%clk 0:12:24]} 30. fxg7 {[%clk 0:25:06]} Rd4
{[%clk 0:08:36]} 31. Nf6+ {[%clk 0:24:24]} Kxg7 {[%clk 0:09:04]} 32. Nh5+
{[%clk 0:24:50]} Kf8 {[%clk 0:09:23]} 33. Qf1 {[%clk 0:25:12]} Qe4+
{[%clk 0:09:27]} 34. Ka2 {[%clk 0:25:38]} 0-1

[Event "European Youth Chess Championship B18"]
[Site "Prague, Top Hotel Prague"]
[Date "2012.08.21"]
[Round "5.11"]
[White "Pardo Simon, David"]
[Black "Ostovic, Matija"]
[Result "1-0"]
[WhiteElo "2430"]
[BlackElo "2290"]
[PlyCount "91"]
[EventDate "2012.08.17"]

1. Nf3 Nf6 2. d4 d5 3. c4 c6 4. e3 e6 5. Bd3 Nbd7 6. O-O Bd6 7. Nc3 dxc4 8.
Bxc4 O-O 9. e4 e5 10. Bg5 h6 11. Bh4 Re8 12. Bg3 Qc7 13. Rc1 Qb8 14. Qb3 Re7
15. Nh4 b5 16. Nf5 bxc4 17. Qxb8 Nxb8 18. Nxd6 Nbd7 19. dxe5 Nxe5 20. Bxe5 Rxe5
21. Nxc4 Rc5 22. Ne3 Ba6 23. Rfd1 Rb8 24. b3 Kf8 25. f3 Re8 26. Na4 Rxc1 27.
Rxc1 Bb7 28. Nc5 Bc8 29. Rd1 Ke7 30. Nc4 Be6 31. Na5 Rc8 32. Rc1 Bd7 33. Nd3
Be8 34. Kf2 Ng8 35. Ke3 Kf6 36. f4 Ne7 37. Nb7 g5 38. g3 gxf4+ 39. gxf4 Bd7 40.
Ne5 Bh3 41. Nd6 Rg8 42. Nxc6 Rg2 43. Ne8+ Ke6 44. f5+ Bxf5 45. Nd4+ Kd7 46.
Nf6+ 1-0

[Event "European Youth Chess Championship B18"]
[Site "Prague, Top Hotel Prague"]
[Date "2012.08.21"]
[Round "5.12"]
[White "Ochsner, Bjorn Moller"]
[Black "Nikologorskiy, Konstantin"]
[Result "1-0"]
[WhiteElo "2290"]
[BlackElo "2400"]
[PlyCount "87"]
[EventDate "2012.08.17"]

1. e4 c5 2. Nf3 a6 3. c4 e6 4. Nc3 Qc7 5. d4 cxd4 6. Nxd4 Nf6 7. Bd3 Nc6 8.
Nxc6 dxc6 9. O-O Bc5 10. Kh1 O-O 11. Bg5 Nd7 12. f4 e5 13. f5 f6 14. Bd2 Rd8
15. Rf3 Bd4 16. b4 a5 17. a3 b6 18. Rb1 Bb7 19. Rg3 Nf8 20. Qb3 axb4 21. axb4
Kh8 22. Rf3 Ra7 23. g4 Qe7 24. h4 Qf7 25. Qc2 Ra3 26. Kh2 Rda8 27. Kh3 Ba6 28.
b5 cxb5 29. Nxb5 Bxb5 30. cxb5 Ra2 31. Qc1 Qb7 32. g5 Rc8 33. Qd1 Nd7 34. Bb4
Qc7 35. Qb3 Rf2 36. Rg3 Rf4 37. Qe6 Bf2 38. Bd6 Qc3 39. gxf6 gxf6 40. Qxd7 Bxg3
41. Be7 Rxh4+ 42. Kxg3 Rh6 43. Rh1 Kg8 44. Kf3 1-0

[Event "European Youth Chess Championship B18"]
[Site "Prague, Top Hotel Prague"]
[Date "2012.08.21"]
[Round "5.13"]
[White "Handler, Lukas"]
[Black "Andreev, Sasho"]
[Result "1/2-1/2"]
[WhiteElo "2368"]
[BlackElo "2197"]
[PlyCount "81"]
[EventDate "2012.08.17"]

1. d4 d5 2. c4 c6 3. Nf3 Nf6 4. Nc3 dxc4 5. a4 Bf5 6. e3 e6 7. Bxc4 Bb4 8. O-O
O-O 9. Qe2 Nbd7 10. e4 Bg6 11. Bd3 c5 12. e5 cxd4 13. exf6 dxc3 14. fxg7 Kxg7
15. Rd1 Qc7 16. Be3 Be7 17. Bd4+ Bf6 18. Bxc3 Bxc3 19. Rac1 Nf6 20. Rxc3 Qa5
21. Ne5 Rad8 22. h3 Rd5 23. Nxg6 hxg6 24. Be4 Rxd1+ 25. Qxd1 Rd8 26. Rd3 Rxd3
27. Bxd3 Qb4 28. b3 Nd5 29. Bc4 Nb6 30. Be2 Nd5 31. Bf3 b6 32. Bxd5 exd5 33.
Qxd5 Qe1+ 34. Kh2 Qxf2 35. Qe5+ Kg8 36. Qg3 Qd4 37. Qc7 Qf2 38. Qb8+ Kg7 39.
Qe5+ Kg8 40. Qb8+ Kg7 41. Qe5+ 1/2-1/2

[Event "European Youth Chess Championship B18"]
[Site "Prague, Top Hotel Prague"]
[Date "2012.08.21"]
[Round "5.14"]
[White "Verstraeten, Reinaert"]
[Black "Shahinyan, David"]
[Result "0-1"]
[WhiteElo "2191"]
[BlackElo "2351"]
[PlyCount "118"]
[EventDate "2012.08.17"]

1. e4 e6 2. Nf3 d5 3. Nc3 Nf6 4. e5 Nfd7 5. d4 c5 6. dxc5 Nc6 7. Bf4 Nxc5 8.
Be2 Be7 9. O-O a6 10. Nd4 O-O 11. Re1 f6 12. Nxc6 bxc6 13. Bf3 f5 14. g3 Rb8
15. b3 Ne4 16. Nxe4 fxe4 17. Bg2 Bb4 18. Re3 Bc5 19. Rc3 Qa5 20. Rxc5 Qxc5 21.
Be3 Qc3 22. Bd4 Qa5 23. Qe1 Qxe1+ 24. Rxe1 a5 25. a3 Ba6 26. Re3 c5 27. Bxc5
Rfc8 28. Rc3 a4 29. b4 d4 30. Bxd4 Rxc3 31. Bxc3 Rc8 32. b5 Bxb5 33. Bb4 Rxc2
34. Bxe4 Rc4 35. f3 Rxb4 36. axb4 a3 37. Bb1 Bc4 38. Kf2 a2 39. Bxa2 Bxa2 40.
Ke3 Kf7 41. Kd4 Ke7 42. Kc5 Kd7 43. f4 h5 44. Kb6 Bd5 45. b5 Bc4 46. Kc5 Be2
47. Kb6 g6 48. Kc5 Kc7 49. b6+ Kd7 50. b7 Kc7 51. b8=Q+ Kxb8 52. Kd6 Bg4 53.
Ke7 Kc7 54. Kf6 Bf5 55. Kg5 Kc6 56. Kh4 Kd5 57. Kg5 Ke4 58. Kh4 Kf3 59. h3 Ke4
0-1

[Event "European Youth Chess Championship B18"]
[Site "Prague, Top Hotel Prague"]
[Date "2012.08.21"]
[Round "5.15"]
[White "Ronka, Erik"]
[Black "Tomazini, Zan"]
[Result "0-1"]
[WhiteElo "2086"]
[BlackElo "2345"]
[PlyCount "78"]
[EventDate "2012.08.17"]

1. d4 Nf6 2. c4 g6 3. Nc3 Bg7 4. e4 d6 5. f4 c5 6. d5 O-O 7. Nf3 e6 8. Be2 exd5
9. cxd5 Bg4 10. O-O Nbd7 11. Re1 Re8 12. h3 Bxf3 13. Bxf3 Qa5 14. Be3 b5 15. a3
b4 16. axb4 Qxb4 17. Qc2 Nb6 18. Bf2 Nfd7 19. e5 Qxf4 20. Re4 Qg5 21. Bh4 Qh6
22. e6 fxe6 23. dxe6 Ne5 24. Qe2 Rxe6 25. Kh1 d5 26. Nxd5 Nxd5 27. Rea4 Rd6 28.
Ra6 Nxf3 29. Rxd6 Nxh4 30. Qe6+ Kh8 31. Qxd5 Rf8 32. Rd8 Qf4 33. Re1 Nf5 34.
Rxf8+ Bxf8 35. Qa8 Kg7 36. Qxa7+ Kh6 37. Qa3 Bd6 38. g3 Nxg3+ 39. Kg2 Qd2+ 0-1

[Event "European Youth Chess Championship B18"]
[Site "Prague, Top Hotel Prague"]
[Date "2012.08.21"]
[Round "5.16"]
[White "Givon, Asaf"]
[Black "Pecurica, Milos"]
[Result "1-0"]
[WhiteElo "2340"]
[BlackElo "2132"]
[PlyCount "83"]
[EventDate "2012.08.17"]

1. e4 e5 2. Nf3 Nc6 3. Bb5 a6 4. Ba4 Nf6 5. O-O Be7 6. Re1 b5 7. Bb3 O-O 8. d4
d6 9. c3 Bg4 10. d5 Na5 11. Bc2 Qc8 12. h3 Bd7 13. Nbd2 c6 14. dxc6 Qxc6 15.
Nf1 Rfe8 16. Ng3 Rac8 17. Bd3 Nb7 18. Nh4 Nc5 19. Bc2 Ne6 20. Nhf5 Bf8 21. Qf3
b4 22. Bd2 bxc3 23. bxc3 Nf4 24. Bb3 g6 25. Nd4 Qb6 26. Bxf4 exf4 27. Qxf4 Bg7
28. Rad1 Rxc3 29. Nde2 Rxb3 30. axb3 d5 31. e5 Nh5 32. Nxh5 gxh5 33. Ng3 Qg6
34. Rxd5 Be6 35. Rd6 a5 36. Ne4 Rb8 37. Nf6+ Kh8 38. Red1 Bf8 39. Rd8 Rxd8 40.
Rxd8 Kg7 41. Qh4 Be7 42. Rg8+ 1-0

[Event "European Youth Chess Championship B18"]
[Site "Prague, Top Hotel Prague"]
[Date "2012.08.21"]
[Round "5.17"]
[White "Plat, Vojtech"]
[Black "Pagerka, Martin"]
[Result "1-0"]
[WhiteElo "2480"]
[BlackElo "2258"]
[PlyCount "80"]
[EventDate "2012.08.17"]

1. f4 d5 2. Nf3 c5 3. e3 Nc6 4. b3 Nf6 5. Bb2 Bg4 6. Bb5 Rc8 7. O-O a6 8. Be2
Bxf3 9. Bxf3 e6 10. Nc3 Be7 11. Ne2 O-O 12. g4 d4 13. Ng3 Nd5 14. Qc1 b5 15. c4
dxc3 16. Bxc3 Ncb4 17. Be2 c4 18. bxc4 bxc4 19. Bd4 Nd3 20. Bxd3 cxd3 21. Qb2
Rc2 22. Qb3 Rxd2 23. Ne4 Rc2 24. a3 Qc8 25. Qxd3 e5 26. fxe5 Qxg4+ 27. Ng3 Rfc8
28. Qf5 Qxf5 29. Nxf5 Bg5 30. h4 Bd8 31. e4 Ne7 32. Nd6 Rb8 33. Rxf7 Nc6 34.
Raf1 Bxh4 35. Ba1 Be7 36. e6 Bf8 37. Nf5 Rc5 38. Bxg7 Bxg7 39. Rxg7+ Kh8 40.
Rg2 Rg8 1-0

[Event "European Youth Chess Championship B18"]
[Site "Prague, Top Hotel Prague"]
[Date "2012.08.21"]
[Round "5.18"]
[White "Tilicheev, Viacheslav"]
[Black "Sofranov, Velizar"]
[Result "1-0"]
[WhiteElo "2416"]
[BlackElo "2218"]
[PlyCount "77"]
[EventDate "2012.08.17"]

1. e4 d6 2. d4 Nf6 3. f3 e5 4. Ne2 Nbd7 5. d5 g6 6. c4 Bg7 7. Nbc3 O-O 8. Bg5
a5 9. Qd2 Nc5 10. O-O-O a4 11. h4 Bd7 12. h5 Qb8 13. Kb1 Qa7 14. g4 Qa5 15. a3
Nb3 16. Qe1 Nd4 17. Rxd4 exd4 18. Qh4 Nxh5 19. gxh5 dxc3 20. Bf6 c2+ 21. Kxc2
Bh6 22. Nc3 Qa7 23. hxg6 fxg6 24. Qxh6 Rxf6 25. Qxh7+ Kf8 26. Qxd7 Rf7 27. Rh8+
Kg7 28. Rh7+ Kxh7 29. Qxf7+ Kh6 30. f4 Qf2+ 31. Be2 Rc8 32. f5 Qg2 33. f6 Qf2
34. Qg7+ Kg5 35. e5 Qf5+ 36. Bd3 Qxe5 37. Qxg6+ Kh4 38. Bf5 Rg8 39. Qh7+ 1-0

[Event "European Youth Chess Championship B18"]
[Site "Prague, Top Hotel Prague"]
[Date "2012.08.21"]
[Round "5.19"]
[White "Meribanov, Vitaly"]
[Black "Braun, Marek"]
[Result "1-0"]
[WhiteElo "2381"]
[BlackElo "2200"]
[PlyCount "61"]
[EventDate "2012.08.17"]

1. e4 c5 2. Nc3 e6 3. Nf3 a6 4. d4 cxd4 5. Nxd4 Qc7 6. Bd3 Nf6 7. O-O b5 8. Qe2
Bb7 9. a3 Bc5 10. Nb3 Be7 11. f4 d6 12. Kh1 Nc6 13. Bd2 O-O 14. Rae1 Rfe8 15.
e5 Nd7 16. exd6 Bxd6 17. Ne4 Be7 18. Qh5 g6 19. Qh3 Bf8 20. Bc3 Bg7 21. Ng5 Nf8
22. Bxg7 Kxg7 23. Nc5 Bc8 24. f5 gxf5 25. Bxf5 Ne5 26. Qg3 Kh8 27. Rxe5 f6 28.
Be4 fxg5 29. Bxa8 Ng6 30. Nxe6 Nf8 31. Rxf8+ 1-0

[Event "European Youth Chess Championship B18"]
[Site "Prague, Top Hotel Prague"]
[Date "2012.08.21"]
[Round "5.20"]
[White "Jovanovic, Bojan P"]
[Black "Altini, Nicola"]
[Result "1-0"]
[WhiteElo "2179"]
[BlackElo "2379"]
[PlyCount "85"]
[EventDate "2012.08.17"]

1. d4 d5 2. c4 c6 3. Nc3 Nf6 4. cxd5 cxd5 5. Bf4 Nc6 6. e3 a6 7. Bd3 Bg4 8.
Nge2 e6 9. Rc1 Bd6 10. f3 Bh5 11. Qb3 O-O 12. Na4 e5 13. dxe5 Nxe5 14. Bxe5
Bxe5 15. Nb6 Rb8 16. g4 Bg6 17. Bxg6 hxg6 18. Rd1 Bc7 19. Nxd5 Nxd5 20. Rxd5
Qh4+ 21. Kf1 Qh3+ 22. Kf2 Rfd8 23. Rxd8+ Rxd8 24. Qxb7 Bxh2 25. Qb4 Rc8 26. Qd2
f5 27. g5 f4 28. exf4 Re8 29. Qd1 Kf7 30. Qd5+ Kf8 31. Qc5+ Kg8 32. Qd5+ Kf8
33. Qd1 Kf7 34. b4 Rc8 35. a4 Re8 36. b5 axb5 37. axb5 Rb8 38. Qd5+ Kf8 39.
Qd6+ Kg8 40. Qxb8+ Kh7 41. f5 Qh4+ 42. Qg3 Bxg3+ 43. Nxg3 1-0

[Event "European Youth Chess Championship B18"]
[Site "Prague, Top Hotel Prague"]
[Date "2012.08.21"]
[Round "5.21"]
[White "Seidl, Stepan"]
[Black "Kriebel, Tadeas"]
[Result "0-1"]
[WhiteElo "2187"]
[BlackElo "2376"]
[PlyCount "110"]
[EventDate "2012.08.17"]

1. e4 c5 2. c3 e6 3. d4 d5 4. e5 Qb6 5. Nf3 Nc6 6. a3 c4 7. Be2 Bd7 8. O-O Na5
9. Nbd2 Ne7 10. Qe1 Ba4 11. Bd1 Qc6 12. Rb1 Nc8 13. Bxa4 Qxa4 14. Qe2 Nb6 15.
Ng5 h6 16. Nh3 O-O-O 17. Qd1 Qxd1 18. Rxd1 Kd7 19. f4 Be7 20. Rf1 g6 21. Rf2
Na4 22. Kf1 b5 23. Ke2 Nc6 24. Ra1 a5 25. Kd1 Ra8 26. Kc2 b4 27. g4 h5 28. g5
Rhb8 29. Ng1 b3+ 30. Kb1 Nxd4 31. Nxc4 Nc2 32. Ne3 Nxa1 33. Kxa1 Bc5 34. Nf3
Ke8 35. Kb1 Rd8 36. Nd4 Bxd4 37. cxd4 Rdc8 38. Bd2 Kd7 39. Rf3 Rc6 40. Rf1 Kc7
41. Rf3 Kd7 42. Rf1 Ra7 43. Rg1 Kc8 44. Rg3 Rac7 45. Rg1 Kb7 46. Bxa5 Rc2 47.
Bxc7 Rxb2+ 48. Kc1 Ra2 49. Nd1 Ra1+ 50. Kd2 Kxc7 51. Rg3 b2 52. Nxb2 Nxb2 53.
Kc3 Nc4 54. Kb4 Kc6 55. Ka4 Rd1 0-1

[Event "European Youth Chess Championship B18"]
[Site "Prague, Top Hotel Prague"]
[Date "2012.08.21"]
[Round "5.22"]
[White "Straka, Jozef"]
[Black "Lis, Marek"]
[Result "1/2-1/2"]
[WhiteElo "2360"]
[BlackElo "2162"]
[PlyCount "89"]
[EventDate "2012.08.17"]

1. d4 c5 2. d5 f5 3. Nc3 Nf6 4. Nf3 d6 5. g3 g6 6. Bg2 Bg7 7. O-O Na6 8. Bf4
Nc7 9. a4 Nh5 10. Be3 b6 11. Nd2 O-O 12. f4 Bb7 13. Nb3 e6 14. dxe6 Bxg2 15.
Kxg2 d5 16. Bf2 d4 17. Nb5 Nxe6 18. Nd2 Re8 19. Kg1 a6 20. Na3 Qd5 21. Nf3 Rad8
22. Qd3 Nexf4 23. gxf4 Nxf4 24. Qc4 Qxc4 25. Nxc4 Rxe2 26. Nxb6 Rxc2 27. b3 d3
28. Rad1 Bh6 29. Nc4 Ne2+ 30. Kg2 Nc3 31. Rd2 Bxd2 32. Nfxd2 Ne4 33. Be3 Re8
34. Kf3 g5 35. Nxe4 fxe4+ 36. Kg3 Rb8 37. Nd2 Rxd2 38. Bxd2 Rxb3 39. Kf2 Ra3
40. a5 c4 41. Rc1 Ra4 42. Ke3 Kf7 43. Rc3 Rxa5 44. Rxc4 Ra1 45. Kxe4 1/2-1/2

[Event "European Youth Chess Championship B18"]
[Site "Prague, Top Hotel Prague"]
[Date "2012.08.21"]
[Round "5.23"]
[White "Godart, Francois"]
[Black "Balacek, Tadeas"]
[Result "1-0"]
[WhiteElo "2337"]
[BlackElo "2178"]
[PlyCount "61"]
[EventDate "2012.08.17"]

1. d4 d5 2. c4 e6 3. Nc3 Nf6 4. Nf3 Nbd7 5. Bg5 c6 6. e3 Qa5 7. Bxf6 Nxf6 8.
Nd2 Be7 9. Bd3 O-O 10. O-O dxc4 11. Nxc4 Qc7 12. Rc1 Rd8 13. Ne5 Bd7 14. f4 Be8
15. Qc2 g6 16. g4 Nd5 17. Nxd5 exd5 18. g5 f5 19. gxf6 Bxf6 20. Kh1 Kh8 21. Qg2
Qg7 22. Rf3 Rac8 23. Rg1 Rc7 24. Rh3 Bxe5 25. dxe5 d4 26. f5 gxf5 27. Rg3 Bg6
28. Bxf5 Qxe5 29. Rxg6 hxg6 30. Qxg6 Qd5+ 31. e4 1-0

[Event "European Youth Chess Championship B18"]
[Site "Prague, Top Hotel Prague"]
[Date "2012.08.21"]
[Round "5.24"]
[White "Drnovsek, Gal"]
[Black "Van Overdam, Julian"]
[Result "1-0"]
[WhiteElo "2177"]
[BlackElo "2273"]
[PlyCount "111"]
[EventDate "2012.08.17"]

1. d4 Nf6 2. c4 e6 3. Nf3 b6 4. g3 Ba6 5. b3 Bb4+ 6. Bd2 Be7 7. Bg2 Bb7 8. Nc3
O-O 9. Qc2 d5 10. cxd5 Nxd5 11. Nxd5 exd5 12. O-O c5 13. Rfd1 Nd7 14. Be3 Rc8
15. Qd2 c4 16. bxc4 dxc4 17. d5 Bf6 18. Rac1 c3 19. Qd3 Nc5 20. Bxc5 Rxc5 21.
e4 Qd7 22. Nd4 Qa4 23. Nb3 Rcc8 24. Rc2 Ba6 25. Qe3 Bc4 26. e5 Bxb3 27. axb3
Qxb3 28. Rdc1 Rfe8 29. Rxc3 Rxc3 30. Rxc3 Qd1+ 31. Bf1 Qg4 32. Qf4 Qxf4 33.
gxf4 Bh4 34. Rc7 g5 35. Bb5 Rd8 36. e6 gxf4 37. e7 Bxe7 38. Rxe7 Rxd5 39. Ba6
Ra5 40. Rxa7 Rg5+ 41. Kh1 Ra5 42. Kg2 Kg7 43. Ra8 Kf6 44. h4 Rh5 45. Kh3 Ra5
46. Kg4 b5 47. Bb7 Rxa8 48. Bxa8 Ke5 49. Bc6 b4 50. Ba4 f5+ 51. Kf3 Kd4 52.
Kxf4 Kc3 53. Kxf5 Kb2 54. f4 Ka3 55. Bd1 b3 56. Bxb3 1-0

[Event "European Youth Chess Championship B18"]
[Site "Prague, Top Hotel Prague"]
[Date "2012.08.21"]
[Round "5.25"]
[White "Pop, Alexandru"]
[Black "Guttulsrud, Odd Martin"]
[Result "0-1"]
[WhiteElo "2271"]
[BlackElo "2172"]
[PlyCount "58"]
[EventDate "2012.08.17"]

1. Nf3 Nf6 2. c4 g6 3. Nc3 Bg7 4. g3 O-O 5. Bg2 d6 6. d4 Nc6 7. O-O Rb8 8. d5
Na5 9. Nd2 c5 10. Qc2 a6 11. a4 Bf5 12. e4 Bd7 13. b3 e5 14. Bb2 b5 15. cxb5
axb5 16. Nxb5 Bxb5 17. axb5 Bh6 18. Nc4 Rxb5 19. Ra3 Nxc4 20. bxc4 Ra5 21. Rxa5
Qxa5 22. Bc3 Qa6 23. Qb3 Ra8 24. Rb1 Qa2 25. f4 Qe2 26. fxe5 Ng4 27. h3 Qf2+
28. Kh1 Qxg3 29. hxg4 Qh4+ 0-1

[Event "European Youth Chess Championship B18"]
[Site "Prague, Top Hotel Prague"]
[Date "2012.08.21"]
[Round "5.26"]
[White "Rubes, Jan"]
[Black "Gaehwiler, Gabriel"]
[Result "0-1"]
[WhiteElo "2097"]
[BlackElo "2267"]
[PlyCount "114"]
[EventDate "2012.08.17"]

1. d4 Nf6 2. c4 g6 3. Nc3 Bg7 4. e4 d6 5. Be2 O-O 6. h4 Nc6 7. Be3 e5 8. d5 Nd4
9. Bxd4 exd4 10. Qxd4 Re8 11. Qd3 Qe7 12. O-O-O Nxe4 13. Nxe4 Qxe4 14. Qxe4
Rxe4 15. Bd3 Re7 16. h5 c6 17. hxg6 hxg6 18. dxc6 bxc6 19. b3 a5 20. Bc2 d5 21.
cxd5 cxd5 22. Nf3 a4 23. Rxd5 Be6 24. Rb5 axb3 25. Bxb3 Bf5 26. Rc5 Bf8 27. Ne5
Be6 28. Nc4 Rd7 29. Ra5 Rc8 30. Rh4 Rdc7 31. Ra4 Bd7 32. Ra5 Be6 33. Ra4 Be7
34. Re4 Bf5 35. Rd4 Bf6 36. Rd6 Be7 37. Kb2 Rxc4 38. Rxg6+ Bxg6 39. Rxc4 Bf6+
40. Ka3 Be7+ 41. Kb2 Rd8 42. Rf4 Kg7 43. a4 Bf6+ 44. Ka3 Be5 45. Rf3 Rd2 46. a5
Bd4 47. a6 Rxf2 48. Rxf2 Bxf2 49. Bd5 Bd3 50. Bb7 Bd4 51. Kb4 f5 52. Ka5 Kf6
53. Bc6 Be4 54. Bb7 Bxb7 55. axb7 Be5 56. Kb5 Kg5 57. Kc4 Kg4 0-1

[Event "European Youth Chess Championship B18"]
[Site "Prague, Top Hotel Prague"]
[Date "2012.08.21"]
[Round "5.27"]
[White "Blazeka, Matej"]
[Black "Swijsen, Lars"]
[Result "1/2-1/2"]
[WhiteElo "2245"]
[BlackElo "2097"]
[PlyCount "94"]
[EventDate "2012.08.17"]

1. e4 e6 2. d4 d5 3. Nc3 Bb4 4. e5 Qd7 5. Bd2 b6 6. a3 Bxc3 7. Bxc3 Ba6 8. Bxa6
Nxa6 9. Qg4 f5 10. Qh5+ Kf8 11. Nh3 c5 12. dxc5 bxc5 13. Nf4 Ne7 14. O-O Nc7
15. Ba5 Rc8 16. c4 d4 17. b4 Na6 18. Rad1 Kg8 19. b5 Nb8 20. Rb1 Ng6 21. Nd3
Qe7 22. f4 Kf7 23. Rb3 Rhe8 24. Qf3 Kg8 25. Rfb1 Nd7 26. b6 axb6 27. Bxb6 Rb8
28. Bc7 Rxb3 29. Rxb3 Rc8 30. Rb7 Ngf8 31. a4 g5 32. a5 Ra8 33. Bd6 Qd8 34. Bc7
Qe7 35. Rb5 Ra7 36. Qc6 gxf4 37. Bd6 Qg5 38. h3 f3 39. Qxf3 Qd8 40. Qg3+ Kh8
41. Nxc5 Rxa5 42. Nb3 Rxb5 43. cxb5 Qb6 44. Qd3 Ng6 45. Qxd4 Qxb5 46. Nd2 Qb6
47. Qxb6 Nxb6 1/2-1/2

[Event "European Youth Chess Championship B18"]
[Site "Prague, Top Hotel Prague"]
[Date "2012.08.21"]
[Round "5.28"]
[White "Schreiner, Till"]
[Black "Mcclement, Andrew"]
[Result "1/2-1/2"]
[WhiteElo "2234"]
[BlackElo "2088"]
[PlyCount "94"]
[EventDate "2012.08.17"]

1. d4 Nf6 2. c4 e6 3. Nc3 Bb4 4. e3 d5 5. Bd3 O-O 6. Nf3 b6 7. O-O Bb7 8. a3
Bd6 9. cxd5 exd5 10. b4 Nbd7 11. Bb2 c5 12. bxc5 bxc5 13. Nb5 Be7 14. dxc5 Nxc5
15. Be2 Nfe4 16. Rb1 Qa5 17. Qe1 Qa4 18. Bd4 Rfc8 19. Ne5 Ne6 20. Ba1 Rab8 21.
f3 N4c5 22. Rb4 Qa5 23. Bc3 Na4 24. Bd4 Bxb4 25. axb4 Qd8 26. Nxa7 Nxd4 27.
exd4 Rc7 28. Nb5 Re7 29. Qd1 Nb6 30. Re1 Ba6 31. Nc6 Qe8 32. Nxe7+ Qxe7 33. Qd2
Nd7 34. Nc3 Bxe2 35. Rxe2 Qxb4 36. Nxd5 Qd6 37. Nc3 h6 38. h3 Nf6 39. Qd3 Ra8
40. Re1 Ra3 41. Qd2 Qb4 42. Rc1 Nd5 43. Ne4 Qxd2 44. Nxd2 Rd3 45. Ne4 Rxd4 46.
Rc8+ Kh7 47. Rd8 Nc3 1/2-1/2

[Event "European Youth Chess Championship B18"]
[Site "Prague, Top Hotel Prague"]
[Date "2012.08.21"]
[Round "5.29"]
[White "Tahaoglu, Ugur Barkin"]
[Black "Lewicki, Miroslaw"]
[Result "0-1"]
[WhiteElo "1912"]
[BlackElo "2200"]
[PlyCount "76"]
[EventDate "2012.08.17"]

1. d4 g6 2. c4 Bg7 3. e4 c5 4. d5 d6 5. Nf3 Nf6 6. Nc3 Bg4 7. Bd3 Nbd7 8. h3
Bxf3 9. Qxf3 Ne5 10. Qd1 Nxd3+ 11. Qxd3 O-O 12. O-O Qb6 13. a4 e5 14. a5 Qc7
15. a6 b6 16. f4 exf4 17. Bxf4 Qe7 18. Nb5 Rad8 19. Rae1 Nh5 20. Bh2 Bxb2 21.
Rf2 Be5 22. Bxe5 dxe5 23. g3 Ng7 24. Ref1 Ne6 25. Rf6 Nf4 26. R6xf4 exf4 27.
gxf4 Rd7 28. Kh2 Re8 29. e5 f6 30. Re1 fxe5 31. fxe5 Qh4 32. Qe4 Qf2+ 33. Kh1
Rf7 34. Qe3 Qh4 35. Nd6 Rf3 36. Qxf3 Qxe1+ 37. Kg2 Rf8 38. Qg3 Qe2+ 0-1

[Event "European Youth Chess Championship B18"]
[Site "Prague, Top Hotel Prague"]
[Date "2012.08.21"]
[Round "5.30"]
[White "Nadirashvili, Shalva"]
[Black "Kyrkjebo, Erlend"]
[Result "1/2-1/2"]
[WhiteElo "2151"]
[BlackElo "2047"]
[PlyCount "96"]
[EventDate "2012.08.17"]

1. d4 Nf6 2. c4 c5 3. d5 e6 4. Nc3 exd5 5. cxd5 d6 6. e4 g6 7. f4 Bg7 8. Nf3
O-O 9. Be2 Re8 10. e5 Nh5 11. O-O Bg4 12. Qb3 Nd7 13. Qxb7 dxe5 14. h3 e4 15.
Ne5 Nxe5 16. fxe5 Bxe5 17. Qxf7+ Kh8 18. Bxg4 Bd4+ 19. Kh2 Qd6+ 20. Bf4 Nxf4
21. Nb5 Qf8 22. Rxf4 Be5 23. Qxf8+ Rxf8 24. g3 Bxf4 25. gxf4 h5 26. Be2 Rxf4
27. Rf1 g5 28. d6 Rd8 29. Kg3 h4+ 30. Kg2 a6 31. Nc3 Rxf1 32. Bxf1 Rxd6 33.
Nxe4 Rd4 34. Kf3 a5 35. Nxc5 Rf4+ 36. Kg2 g4 37. hxg4 h3+ 38. Kxh3 Rxf1 39. Kg3
Rb1 40. Na4 Kg7 41. Kf3 Kf6 42. Ke4 Ke6 43. Nc5+ Kd6 44. Nd3 Rg1 45. Nf2 Rb1
46. Nd3 Rg1 47. Kf5 Rf1+ 48. Ke4 Rg1 1/2-1/2

[Event "European Youth Chess Championship B18"]
[Site "Prague, Top Hotel Prague"]
[Date "2012.08.21"]
[Round "5.31"]
[White "Sosovicka, Juraj"]
[Black "Bizovi, Mihai"]
[Result "1/2-1/2"]
[WhiteElo "2108"]
[BlackElo "2044"]
[PlyCount "74"]
[EventDate "2012.08.17"]

1. e4 c5 2. Nf3 Nc6 3. d4 cxd4 4. Nxd4 e5 5. Nb5 d6 6. N1c3 a6 7. Na3 Be6 8.
Nc4 Rb8 9. a4 Nb4 10. a5 Nf6 11. Bg5 d5 12. exd5 Nbxd5 13. Nxd5 Qxd5 14. Bxf6
gxf6 15. Qxd5 Bxd5 16. Ne3 Be6 17. Bd3 Bc5 18. Ke2 h5 19. c3 Rg8 20. g3 Kd7 21.
Be4 Bxe3 22. Kxe3 h4 23. Bf3 hxg3 24. hxg3 Kc7 25. Ra4 f5 26. Rh7 Rh8 27. Rxh8
Rxh8 28. Rb4 e4 29. Be2 Rh1 30. Rd4 Ra1 31. b4 Ra3 32. Kd2 Ra2+ 33. Ke3 Ra3 34.
Kd2 Ra2+ 35. Ke3 Ra3 36. Kd2 Ra2+ 37. Ke3 Ra3 1/2-1/2

[Event "European Youth Chess Championship B18"]
[Site "Prague, Top Hotel Prague"]
[Date "2012.08.21"]
[Round "5.32"]
[White "Foster, James M"]
[Black "Aperia, Jakob"]
[Result "1/2-1/2"]
[WhiteElo "2037"]
[BlackElo "2098"]
[PlyCount "112"]
[EventDate "2012.08.17"]

1. e4 c6 2. d4 d5 3. e5 Bf5 4. h4 h5 5. Bg5 Qb6 6. Bd3 Bxd3 7. Qxd3 Qxb2 8. e6
f6 9. Bd2 Qxa1 10. Qb3 Qxd4 11. Be3 Qe4 12. Qxb7 Qxe6 13. Qxa8 d4 14. Qxb8+ Kf7
15. Qxa7 dxe3 16. Qxe3 Qxa2 17. Qb3+ Qxb3 18. cxb3 e5 19. Nf3 Bb4+ 20. Nbd2 Ne7
21. O-O Bxd2 22. Nxd2 Rd8 23. Nc4 Rd3 24. Na5 Rd5 25. Nc4 Ke6 26. g3 Rb5 27.
Nd2 Nf5 28. Re1 Nd4 29. Re3 Kd5 30. Kg2 Ra5 31. Nc4 Ra1 32. Rd3 Rb1 33. Na5 Kc5
34. Nb7+ Kb4 35. Nd6 Rxb3 36. Rd1 c5 37. Rc1 Rc3 38. Rb1+ Nb3 39. Ne8 Rc1 40.
Rxc1 Nxc1 41. Nxg7 c4 42. Nxh5 c3 43. Nxf6 Kc4 44. h5 Nd3 45. Ng4 Ne1+ 46. Kf1
Nf3 47. Ke2 Kd4 48. Ne3 Ke4 49. Kd1 Kd3 50. g4 Ng5 51. Nc2 Ke4 52. Ke2 Kf4 53.
Ne3 c2 54. Kd2 Kf3 55. Kxc2 Kxf2 56. Kd3 Kf3 1/2-1/2